Statistiques concernant Pays par périphrase

Cliquez ici pour prendre le quiz!

Statistiques générales

  • Ce quiz a été pris 2 573 fois
  • Le résultat moyen est 5 sur 16

Statistiques - réponses

PériphrasePays% Correct
La PerseIran
67%
D'un océan à l'autreCanada
61%
Nation Arc en CielAfrique du Sud
43%
La Suisse de l'Amérique CentraleCosta Rica
41%
Le grenier à blé de l'EuropeUkraine
41%
Le pays du matin calmeCorée
37%
Le pays du sourireThailande
34%
Le pays des mille lacsFinlande
32%
Le pays des deux fleuvesIrak
30%
L'AbyssinieEthiopie
26%
Le royaume du million d'éléphantsLaos
18%
Le mont noirMontenegro
17%
Le pays de l'éternel printempsGuatemala
14%
La pays du jasminTunisie
13%
Bonus : La Sublime Porte (pays disparu)Empire Ottoman
10%
Le pays des Mille collinesRwanda
9%

Distribution des résultats

Percentile par nombre de réponses

% des personnes avec chaque résultat

Votre développement - résultats

Vous n’avez pas pris ce quiz